000
00228nam a2200097Ia 4500
008
220204s9999 xx 000 0 und d
082
_a
82-7
_b
MAR
100
_a
Martin, Don
245
0
_a
Don Martin looks up more tales
942
_c
BK
999
_c
35740
_d
35740